| 000 | 00885nam a22003137a 4500 | ||
|---|---|---|---|
| 003 | OSt | ||
| 008 | 260629b |||||||| |||| 00| 0 eng d | ||
| 020 | _a9789391734473 | ||
| 082 |
_a636.40688 _bG97V |
||
| 100 | _aGupta, Vivek Kumar | ||
| 245 |
_aVyavsayik Shukar Palan: _bKrishako evam Uddhamiyo Hetu Ek Samagrah Pustak _cGupta, Vivek Kumar |
||
| 260 |
_aNew Delhi _bTTPP, New Delhi _c2023 |
||
| 300 | _a564p. | ||
| 365 | _e1595.00 | ||
| 650 | _aSwine industry. | ||
| 650 | _aSwine industry $z India. | ||
| 650 | _aPig farming $z India. | ||
| 650 | _aSwine $x Breeding $z India. | ||
| 700 | _aKumar, Satish | ||
| 700 | _aJaya | ||
| 700 | _aKumar, Sunil | ||
| 700 | _aThosmsh, Rajendran | ||
| 700 | _aDevi, Jaychitra Salam | ||
| 700 | _aVanik, Shantanu | ||
| 700 | _aRajkhowa, Swaraj | ||
| 700 | _aVerman, Keshav | ||
| 700 | _aIslam, Rafikul | ||
| 942 |
_2ddc _cBK |
||
| 999 |
_c52420 _d52420 |
||